Eliminación por Categoría - Geografía Europea #1 - Estadísticas

Estadísticas generales
  • Esta prueba ha sido intentada 9.646 veces
  • La puntuación promedio es 16 de 20
Estadísticas de respuestas
Grupo # Categoría % Correcto
Verde 45 Países de Europa
100%
Verde 30 ... que tienen salida al mar
100%
Verde 15 ... con una población inferior a 6 millones
98%
Naranja 45 Ciudades capitales de Europa
94%
Naranja 34 ... que contienen la letra A
93%
Verde 9 ... que forman parte de la UE
91%
Naranja 18 ... con una elevación media mayor a 100m
90%
Azul 45 Países de Europa (por bandera)
90%
Azul 36 ... que tengan el color rojo
90%
Azul 19 ... que tengan el color azul
90%
Naranja 7 ... con al menos 1 millón de personas
86%
Morado 90 Países o Capitales de Europa
84%
Morado 42 ... con 8 o más letras en su nombre
83%
Azul 7 ... tiene 3 franjas horizontales iguales
81%
Morado 18 ... que son costeros
79%
Verde 1 ... y que limite con Alemania Dinamarca
77%
Morado 7 ... que contengan la letra S en su nombre
66%
Azul 1 ... y tiene un águila Serbia
42%
Naranja 1 ... y empieza por una vocal Atenas
41%
Morado 1 ... y se encuentra al este de Varsovia Helsinki
21%
No se encontraron pruebas coincidentes
Distribución de puntuación
Porcentaje de gente con cada puntuación
Porcentaje por número respondido
Historial de tus puntuaciones
No has intentado esta prueba.